Hill politics in north east India (Record no. 6138)

MARC details
000 -LEADER
fixed length control field 00506cam a2200205ua 4500
001 - CONTROL NUMBER
control field 7002
005 - DATE AND TIME OF LATEST TRANSACTION
control field 20260515114136.0
008 - FIXED-LENGTH DATA ELEMENTS--GENERAL INFORMATION
fixed length control field 141118n ii |||gr||||Z||||||eng
020 ## - INTERNATIONAL STANDARD BOOK NUMBER
International Standard Book Number 9788125045502
040 ## - CATALOGING SOURCE
Transcribing agency MAIN
041 ## - LANGUAGE CODE
Language code of text/sound track or separate title eng
082 ## - DEWEY DECIMAL CLASSIFICATION NUMBER
Classification number 320
100 ## - MAIN ENTRY--PERSONAL NAME
Personal name Chaube, S.K. ,
Relator term Author.
245 1# - TITLE STATEMENT
Title Hill politics in north east India
Statement of responsibility, etc. By S.K. Chaube
250 ## - EDITION STATEMENT
Edition statement 3rd rev.
260 ## - PUBLICATION, DISTRIBUTION, ETC.
Place of publication, distribution, etc. Hyderabad:
Name of publisher, distributor, etc. Orient blackswan,
Date of publication, distribution, etc. 2012.
300 ## - PHYSICAL DESCRIPTION
Extent xiv,280p.
653 ## - INDEX TERM--UNCONTROLLED
Uncontrolled term North east politics
942 ## - ADDED ENTRY ELEMENTS (KOHA)
Koha item type Books
Holdings
Withdrawn status Lost status Damaged status Not for loan Home library Current library Shelving location Date acquired Total checkouts Full call number Barcode Date last seen Copy number Price effective from Koha item type
        Naharkatiya College Library Naharkatiya College Library General stacks 09/19/2020   320.95416 | CHA 20985 09/19/2020 1 09/19/2020 Books